[Event "FIDE World Cup 2013"]
[Site "Tromso NOR"]
[Date "2013.08.11"]
[Round "1.51"]
[White "Kryvoruchko,Y"]
[Black "Negi,P"]
[Result "0-1"]
[WhiteElo "2678"]
[BlackElo "2643"]

1.e4 c5 2.Nf3 e6 3.d4 cxd4 4.Nxd4 Nc6 5.Nc3 Qc7 6.Be2 Nf6 7.O-O Be7 8.Be3 O-O
9.f4 d6 10.Kh1 Nxd4 11.Qxd4 a6 12.a4 Bd7 13.e5 Ne8 14.Rfd1 Bc6 15.a5 dxe5
16.fxe5 Rd8 17.Qf4 Rxd1+ 18.Bxd1 f6 19.Bg4 f5 20.Bf3 Bxf3 21.Qxf3 Bb4 22.Bd4 Rf7
23.Qe3 Rd7 24.Bb6 Qc4 25.Qe2 Qxe2 26.Nxe2 Rd5 27.Nf4 Rxe5 28.Nd3 Re4 29.Ra4 Bd2
30.Ra1 Be3 31.Bxe3 Rxe3 32.Kg1 Re2 33.c4 Rd2 34.Nc5 Nd6 35.Re1 Nxc4 36.Rxe6 Kf7
37.b3 Rd6 38.Re1 Nxa5 39.b4 Nc6 40.Nxb7 Rd4 41.Ra1 Nxb4 42.Nc5 Rd6 43.Rb1 Nc2
44.Rb2 Ne3 45.Rb7+ Kg6 46.Ra7 Rd2 47.Rxa6+ Kh5 48.Ne6 Rxg2+ 49.Kh1 g5 50.Ng7+ Kg4
51.h3+ Kxh3 52.Rh6+ Kg4 53.Ne8 Re2 54.Nf6+ Kg3  0-1

[Event "FIDE World Cup 2013"]
[Site "Tromso NOR"]
[Date "2013.08.11"]
[Round "1.27"]
[White "Alekseev,Evgeny"]
[Black "Adhiban,Baskaran"]
[Result "1/2-1/2"]
[WhiteElo "2710"]
[BlackElo "2567"]

1.e4 c5 2.Nf3 e6 3.d4 cxd4 4.Nxd4 Nc6 5.Nc3 Qc7 6.g3 a6 7.Bg2 Nf6 8.Nb3 Be7
9.O-O d6 10.f4 O-O 11.g4 b5 12.g5 Nd7 13.a3 Bb7 14.f5 Rae8 15.Qh5 Nce5 16.Nd4 exf5
17.exf5 Bd8 18.Bf4 Bxg2 19.Kxg2 Qb7+ 20.Kh3 Bb6 21.Rad1 g6 22.Qe2 Bxd4 23.Rxd4 gxf5
24.Qg2 Qxg2+ 25.Kxg2 Re6 26.Bc1 f6 27.Rxf5 fxg5 28.Rxg5+ Kh8 29.Rg3 Rc8 30.Rf4 Nf6
31.Rd4 Nh5 32.Rg5 Nf6 33.Rg3 Nh5 34.Rg5 Nf6 35.Rg3  1/2-1/2

[Event "22nd Kavala Open 2013"]
[Site "Kavala GRE"]
[Date "2013.08.12"]
[Round "8.7"]
[White "Kanmazalp,O"]
[Black "Ashwin,J"]
[Result "0-1"]
[WhiteElo "2400"]
[BlackElo "2478"]

1.e4 c5 2.Nf3 e6 3.d4 cxd4 4.Nxd4 Nc6 5.Nc3 Qc7 6.Be3 a6 7.Qd2 Nf6 8.O-O-O Bb4
9.f3 Ne7 10.Nde2 b5 11.Bf4 e5 12.Bg5 Qc6 13.a3 Ba5 14.Qd6 Bc7 15.Qd3 h6 16.Bh4 g5
17.Bg3 Bb7 18.Na2 d5 19.exd5 Nfxd5 20.Nb4 Nxb4 21.axb4 a5 22.Nc3 axb4 23.Nb1 O-O
24.Qxb5 Bb6 25.Re1 Nd5 26.Qxc6 Bxc6 27.Bxe5 Be3+  0-1

[Event "FIDE World Cup 2013"]
[Site "Tromso NOR"]
[Date "2013.08.12"]
[Round "2.23"]
[White "Shabalov,A"]
[Black "Vachier Lagrave,M"]
[Result "0-1"]
[WhiteElo "2546"]
[BlackElo "2719"]

1.e4 c5 2.Nf3 Nc6 3.d4 cxd4 4.Nxd4 e6 5.Nc3 Qc7 6.f4 a6 7.Nxc6 bxc6 8.Bd3 d5
9.O-O Nf6 10.Kh1 Be7 11.b3 Bb7 12.Bb2 c5 13.Qe2 O-O 14.e5 Nd7 15.Rae1 c4
16.bxc4 dxc4 17.Be4 Nc5 18.Qxc4 Rfc8 19.Bxb7 Nxb7 20.Qe4 Rab8 21.Ba1 Nc5
22.Qe2 Qc6 23.f5 exf5 24.Rxf5 Ne6 25.Ne4 Qxc2 26.Qf1 Qxa2 27.Nd6 Rf8 28.Nxf7 Qc2
29.h3 Rb3 30.Kh2 Qd3 31.Qxd3 Rxd3 32.Ref1 a5 33.Nd6 a4 34.Rxf8+ Bxf8 35.Nc4 a3
36.Rc1 Bc5 37.Rc2 h5 38.h4 Rd1  0-1

[Event "FIDE World Cup 2013"]
[Site "Tromso NOR"]
[Date "2013.08.12"]
[Round "2.20"]
[White "Radjabov,T"]
[Black "Cori,J"]
[Result "1/2-1/2"]
[WhiteElo "2733"]
[BlackElo "2569"]

1.e4 c5 2.Nf3 e6 3.d4 cxd4 4.Nxd4 Nc6 5.Nc3 Qc7 6.Be2 a6 7.O-O Nf6 8.Be3 Bb4
9.Na4 Be7 10.Nxc6 bxc6 11.Nb6 Rb8 12.Nxc8 Qxc8 13.Bd4 c5 14.Be5 Rb6 15.b3 Nxe4
16.Bxg7 Rg8 17.Be5 Bd6 18.Bg3 Nxg3 19.fxg3 Be5 20.Rb1 Ke7 21.Bd3 Rg5 22.Qf3 Qg8
23.Rbe1 Qg7 24.Kh1 a5 25.Re3 f6 26.Re4 Rb4 27.c4 Rb6 28.Rh4 h6 29.g4 Rb8
30.Qh3 Rh8 31.Be2 Bd4 32.Rh5 Qg6 33.Rxg5 Qxg5 34.Qd3 Rb8 35.g3 a4 36.Rb1 axb3
37.Rxb3 Rxb3 38.axb3 Kd6 39.b4 Qc1+ 40.Bf1 Qb2 41.bxc5+ Ke5 42.Qf3 Qf2 43.Qxf2 Bxf2
44.Bg2 Bxc5 45.Bb7 Kd4 46.Bc8 e5 47.Bxd7 e4 48.g5 hxg5 49.Kg2 e3 50.Bg4 Kd3
51.Kf1 Kd2 52.Be2 f5 53.g4 fxg4  1/2-1/2

[Event "FIDE World Cup 2013"]
[Site "Tromso NOR"]
[Date "2013.08.12"]
[Round "2.46"]
[White "Volokitin,And"]
[Black "Robson,R"]
[Result "0-1"]
[WhiteElo "2688"]
[BlackElo "2623"]

1.e4 c5 2.Nf3 e6 3.d4 cxd4 4.Nxd4 Nc6 5.Nc3 Qc7 6.Be3 a6 7.Qd2 Nf6 8.O-O-O Be7
9.f3 b5 10.g4 Nxd4 11.Bxd4 Bb7 12.Ne2 Rc8 13.c3 h6 14.Ng3 b4 15.c4 d5 16.exd5 Bxd5
17.Nf5 exf5 18.Bxf6 Bxc4 19.Bxc4 Bxf6 20.Rhe1+ Kf8 21.Kb1 Qxc4 22.Rc1 Bc3
23.Qd7 Kg8 24.Re7 Rc5 25.gxf5 Rd5 26.Re8+ Kh7 27.Qxf7 Qd3+ 28.Rc2 Rxf5 29.Rxh8+ Kxh8
30.Qe8+ Kh7 31.bxc3 bxc3 32.Qe2 Rxf3 33.Qxd3+ Rxd3 34.a4 Rd1+ 35.Ka2 Rd2
36.Kb3 Rxc2 37.Kxc2 g5 38.Kxc3 Kg6 39.Kb4 g4 40.Ka5 h5 41.Kxa6 h4 42.a5 g3
43.hxg3 h3  0-1

[Event "FIDE World Cup 2013"]
[Site "Tromso NOR"]
[Date "2013.08.12"]
[Round "2.54"]
[White "Fedorchuk,S"]
[Black "Dubov,Danii"]
[Result "0-1"]
[WhiteElo "2669"]
[BlackElo "2624"]

1.e4 c5 2.Nf3 e6 3.d4 cxd4 4.Nxd4 Nc6 5.Nc3 a6 6.g3 Qc7 7.Bg2 d6 8.O-O Bd7
9.Nde2 Nf6 10.Nf4 Be7 11.Nd3 O-O 12.Kh1 b5 13.a3 Bc8 14.g4 Bb7 15.g5 Nd7
16.f4 f5 17.gxf6 Nxf6 18.Be3 Kh8 19.Bf2 Rae8 20.Qf3 Na5 21.Qh3 Nc4 22.Rg1 e5
23.Rae1 exf4 24.Nxf4 Bc8 25.Qg3 Ng4 26.Bd4 Qd8 27.Ref1 Bh4 28.Qd3 Nce5 29.Qe2 Qg5
30.Ncd5 Nxh2 31.Bh3 Nxf1 32.Rxg5 Bxg5 33.Qxf1 Bxf4 34.Bxc8  0-1

[Event "22nd ZMDI Open 2013"]
[Site "Dresden GER"]
[Date "2013.08.13"]
[Round "4.40"]
[White "Rother,M"]
[Black "Heinemann,Josefine"]
[Result "0-1"]
[WhiteElo "2136"]
[BlackElo "2003"]

1.e4 c5 2.Nf3 e6 3.d4 cxd4 4.Nxd4 Nc6 5.Nc3 Qc7 6.g3 a6 7.Bg2 Nf6 8.O-O Be7
9.Be3 O-O 10.f4 Bc5 11.e5 Ng4 12.Qxg4 Nxd4 13.Ne4 Bb6 14.Bxd4 Bxd4+ 15.Kh1 Bxb2
16.Nf6+ Kh8 17.Qh4 h6 18.Rab1 Bd4 19.Ng4 Qd8 20.Qh5 d5 21.Rfd1 Bc5 22.Be4 Qe8
23.Nf6 Qe7 24.Bd3 Rd8 25.g4 Qf8 26.Nh7 g6 27.Nxf8 gxh5 28.Nh7 hxg4 29.Nf6 b5
30.Nxg4 h5 31.Nf6 h4 32.c4 Bb7 33.cxd5 Be7 34.Be4 Bxf6 35.exf6 exd5 36.Bg2 Rd6
37.a4 Bc6 38.axb5 axb5 39.Bf1 Rb8 40.Bg2 Rg8 41.Rb4 h3 42.Bf3 Rxf6 43.Rbd4 Rd8
44.Kg1 Kg7 45.Kf2 Rb8 46.Bxd5 Bxd5 47.Rxd5 Rxf4+ 48.Kg3 Rf6 49.Kxh3 Rg6 50.R5d4 b4
51.Rb1 b3 52.Rb2 Kf6 53.Rg4 Ke5 54.Rxg6 fxg6 55.Kg4 Kd4 56.Kg5 Kc3 57.Rb1 Kc2
58.Rf1 Rb6 59.h4 b2 60.Rf2+ Kb3  0-1

[Event "14th Miquel Mas Open"]
[Site "Figueres ESP"]
[Date "2013.08.13"]
[Round "3.1"]
[White "Antoli Royo,J"]
[Black "Aroshidze,L"]
[Result "1/2-1/2"]
[WhiteElo "2409"]
[BlackElo "2565"]

1.e4 c5 2.Nf3 e6 3.d4 cxd4 4.Nxd4 Nc6 5.Nc3 Qc7 6.Be2 a6 7.O-O Nf6 8.Be3 Be7
9.f4 d6 10.Qe1 O-O 11.Qg3 Nxd4 12.Bxd4 b5 13.a3 Bb7 14.Kh1 Bc6 15.Rae1 Rac8
16.Bd3 e5 17.fxe5 Nh5 18.Qh3 dxe5 19.Bxe5 Qxe5 20.Rf5 Qd4 21.Rxh5 g6 22.Rxh7 Bd7
23.Qh6 Bg5 24.Qxg5 Kxh7 25.e5 Qg4 26.Qf6 Rc6 27.Ne4 Kh6 28.Qe7 Re8 29.Qxf7 Qf5
30.Rf1 Qxf7 31.Rxf7 Be6 32.Rf6 Bd5 33.Nd6 Re6 34.Rxe6 Bxe6 35.Kg1 Rc5 36.Kf2 Rxe5
37.Ne4 Bf5  1/2-1/2

[Event "29th Metropolitan IM"]
[Site "Los Angeles USA"]
[Date "2013.08.14"]
[Round "1"]
[White "Korba,Nicky"]
[Black "Peters,Ja"]
[Result "0-1"]
[WhiteElo "2020"]
[BlackElo "2360"]

1.e4 c5 2.Nf3 Nc6 3.d4 cxd4 4.Nxd4 e6 5.Nc3 d6 6.g3 a6 7.Bg2 Nge7 8.Nb3 Bd7
9.Bf4 Nc8 10.Qe2 Be7 11.a4 O-O 12.O-O Ne5 13.Be3 Qc7 14.f4 Nc4 15.Bc1 Bf6
16.Rf3 Rb8 17.g4 g6 18.g5 Bg7 19.f5 Be5 20.Rh3 b5 21.axb5 axb5 22.f6 Bxc3
23.bxc3 e5 24.Rh6 d5 25.Qe1 Qb6+ 26.Kh1 Bg4 27.Qh4 Bh5 28.Rxh5 gxh5 29.Qxh5 Kh8
30.exd5 N8d6 31.Qe2 Ra8 32.Rxa8 Rxa8 33.h4 Ra2 34.Qh5 Qd8 35.Qe2 Qc8 36.g6 hxg6
37.Be3 Qf5 38.Bc5 Rxc2 39.Qf1 Qxf1+ 40.Bxf1 Rxc3 41.Bxd6 Nxd6  0-1

[Event "22nd ZMDI Open 2013"]
[Site "Dresden GER"]
[Date "2013.08.15"]
[Round "6.32"]
[White "Efroimski,M"]
[Black "Proschmann,T"]
[Result "0-1"]
[WhiteElo "2306"]
[BlackElo "2091"]

1.e4 c5 2.Nf3 Nc6 3.d4 cxd4 4.Nxd4 e6 5.Nc3 Qc7 6.Be2 a6 7.O-O Nf6 8.Be3 Be7
9.a4 O-O 10.f4 d6 11.Kh1 Re8 12.Qe1 Bd7 13.Qg3 Bf8 14.Nf3 Nb4 15.Bd4 Kh8
16.Qh4 e5 17.fxe5 dxe5 18.Nxe5 Rxe5 19.Rxf6 gxf6 20.Qxf6+ Bg7 21.Qxf7 Qd8
22.Rd1 Qe7 23.Qf4 Rf8 24.Bxe5 Rxf4 25.Bxf4 Nxc2 26.Bd3 Nb4 27.Bb1 Bc6 28.Bd6 Qh4
29.g3 Qg4 30.Bxb4 Qf3+ 31.Kg1 Bd4+ 32.Rxd4 Qe3+ 33.Kg2 Qxd4 34.Be7 Kg7 35.Bg5 b5
36.axb5 axb5 37.Kf3 b4 38.Ne2 Qxb2 39.Bd3 Qa3 40.Nf4 Bb5 41.Ke2 Qb2+ 42.Ke3 Bxd3
43.Nxd3 Qxh2 44.Bf4 Qg1+ 45.Kd2 Qg2+ 46.Ke3 b3 47.Be5+ Kf7 48.Kf4 Qd2+  0-1

[Event "22nd ZMDI Open 2013"]
[Site "Dresden GER"]
[Date "2013.08.15"]
[Round "6.28"]
[White "Chlost,M"]
[Black "Hecht,C"]
[Result "1-0"]
[WhiteElo "2183"]
[BlackElo "2087"]

1.e4 c5 2.Nf3 e6 3.d4 cxd4 4.Nxd4 Nc6 5.Nc3 Qc7 6.Be2 a6 7.Be3 Nf6 8.O-O Be7
9.f4 d6 10.Qe1 O-O 11.Qg3 Nxd4 12.Bxd4 b5 13.a3 Bb7 14.Kh1 Rad8 15.Rae1 Rd7
16.Bd3 Re8 17.a4 b4 18.Na2 d5 19.Bb6 Bd6 20.e5 Be7 21.f5 exf5 22.Bb5 Bf8
23.Qh3  1-0

[Event "88th ch-FRA 2013"]
[Site "Nancy FRA"]
[Date "2013.08.15"]
[Round "5.4"]
[White "Bauer,Ch"]
[Black "Sokolov,And1"]
[Result "1-0"]
[WhiteElo "2633"]
[BlackElo "2558"]

1.e4 c5 2.Nf3 Nc6 3.d4 cxd4 4.Nxd4 e6 5.Nc3 Qc7 6.Be3 Nf6 7.Qd2 a6 8.O-O-O Bb4
9.f3 O-O 10.g4 b5 11.g5 Nh5 12.Kb1 Bb7 13.a3 Ba5 14.Nb3 b4 15.Na4 bxa3 16.Nxa5 Qxa5
17.Qxa5 Nxa5 18.Nb6 Rad8 19.Bc5 d6 20.Bxa3 f5 21.Nc4 Nxc4 22.Bxc4 fxe4 23.Bxe6+ Kh8
24.fxe4 Nf4 25.Bb3 Bxe4 26.Rhf1 h5 27.gxh6 g5 28.Bxd6 Rfe8 29.Be5+ Kh7 30.Rxd8 Rxd8
31.Bf6 Rb8 32.Re1 Bf5 33.Bxg5 Rxb3 34.Re7+ Kg6 35.Rg7+ Kh5 36.Bxf4  1-0

[Event "22nd ZMDI Open 2013"]
[Site "Dresden GER"]
[Date "2013.08.16"]
[Round "7.2"]
[White "Sengupta,D"]
[Black "Shankland,S"]
[Result "1/2-1/2"]
[WhiteElo "2580"]
[BlackElo "2591"]

1.e4 c5 2.Nf3 e6 3.d4 cxd4 4.Nxd4 Nc6 5.Nc3 Qc7 6.Be2 Nf6 7.O-O Be7 8.Be3 O-O
9.f4 d6 10.Kh1 a6 11.a4 Na5 12.Qe1 Nc4 13.Bc1 e5 14.fxe5 dxe5 15.Qg3 Kh8
16.Bg5 Be6 17.Nf5 Bxf5 18.Rxf5 Nxb2 19.Rxf6 Bxf6 20.Nd5 Qc6 21.Bxf6 gxf6
22.Qb3 Rfc8 23.Qxb2 Qxc2 24.Qxc2 Rxc2 25.Bg4 Kg7 26.h4 Rb8 27.a5 Rc5 28.Ra3 h6
29.Bf5 Rd8 30.Kh2 Rd6 31.Kh3 h5 32.Kh2 Kf8 33.Kh3 Kg7 34.g4 hxg4+ 35.Bxg4 Rcxd5
36.exd5 Rxd5 37.Bf5 Rd4 38.Rg3+ Kh6 39.Bc8 Ra4 40.Bxb7 Rxa5 41.Rf3 Kg7 42.Be4 Rb5
43.Kg4 Rb4 44.Kf5 Kh6 45.Ra3 Rb6 46.Ra4 Rd6 47.Rc4 Kg7 48.Rc1 Kh6 49.Rc8 Kg7
50.Rc1 Kh6 51.Rg1 Kh5 52.Rh1 Rd4 53.Rh3 Rd6 54.Bd3 Kh6 55.Bc4 Rd4 56.Bxf7 Rf4+
57.Ke6 e4 58.h5 Rf3 59.Rh4 e3 60.Re4 Kg5 61.Bg6 f5 62.Re5 Rf4 63.Kd5 Re4
64.Rxf5+ Kh6 65.Rf6 Re7 66.Rf1 e2 67.Re1 Kg5 68.Kd6 Re3 69.Bf7 Kh6 70.Kd5 Kg5
71.Kd4 Re7 72.Bg6 Kh6 73.Be4 Kxh5 74.Rxe2 Kg5 75.Rg2+ Kf6 76.Rg6+ Kf7 77.Rh6 a5
78.Bd5+ Kg7 79.Ra6 Re1 80.Be4 a4 81.Ke5 a3 82.Ra7+ Kf8 83.Rxa3 Ke7 84.Ra7+ Ke8
85.Rb7 Re2 86.Kd5 Kf8 87.Bf5 Re7 88.Rb1 Kg7 89.Be6 Kf6 90.Rf1+ Kg5 91.Ke5 Rg7
92.Bf7 Kh6 93.Ke6 Rg3 94.Rf5 Kg7 95.Ke7 Rg1 96.Be6 Rg6 97.Bf7 Rg3 98.Ra5 Re3+
99.Be6 Kg6 100.Rb5 Re1 101.Rb4 Re5 102.Ra4 Rb5 103.Re4 Ra5 104.Bd7 Rc5 105.Ke6 Kg5
106.Kd6 Ra5 107.Be6 Ra6+ 108.Ke5 Ra5+ 109.Bd5 Rb5 110.Ra4 Rc5 111.Ra2 Rb5
112.Ra1 Rc5 113.Rg1+ Kh5 114.Ke4 Kh6 115.Be6 Rg5 116.Rh1+ Kg7 117.Kf4 Kf6
118.Bg4 Rc5 119.Rh6+ Ke7 120.Bf3 Ra5 121.Rb6 Rc5 122.Ra6 Rb5 123.Be2 Rc5
124.Bd3 Rd5 125.Ke4 Rh5 126.Kd4 Rg5 127.Be4 Rh5 128.Bd5 Rg5 129.Re6+ Kd7
130.Kc5 Rg7 131.Re4 Re7 132.Bc6+ Kd8 133.Ra4  1/2-1/2

[Event "FIDE World Cup 2013"]
[Site "Tromso NOR"]
[Date "2013.08.16"]
[Round "2.3"]
[White "Ponomariov,R"]
[Black "Dubov,Danii"]
[Result "1/2-1/2"]
[WhiteElo "2756"]
[BlackElo "2624"]

1.e4 c5 2.Nf3 e6 3.d4 cxd4 4.Nxd4 Nc6 5.Nc3 a6 6.g3 Qc7 7.Bg2 d6 8.O-O Bd7
9.Nb3 Nf6 10.f4 Be7 11.Kh1 O-O 12.g4 h6 13.Be3 Rac8 14.h4 d5 15.g5 hxg5 16.hxg5 Nxe4
17.Nxe4 dxe4 18.Bxe4 f5 19.gxf6 Rxf6 20.Rf2 Nb4 21.Qg4 Bc6 22.Rg2 Bf8 23.Bxc6 Qxc6
24.Bd4 Rh6+ 25.Kg1 Nd5 26.Re1 Ne7 27.c3 Rd8 28.Be3 Rd5 29.Nd4 Qd7 30.Kf2 Rdh5
31.Reg1 Nd5 32.Qf3 Rh3 33.Rg3 Rxg3 34.Rxg3 Qf7 35.Ne2 Be7 36.Rg2 Bf6 37.Kg1 Be5
38.Qe4 Nxe3 39.Qxe3 Bd6 40.Qd4 Bc7 41.Qe4 Bb6+ 42.Nd4 Qh5 43.Kf2 Rf6 44.Ke3 Bc7
45.Qxb7 Bxf4+ 46.Kd3 Bh6 47.Kc2 e5 48.Qd5+ Kh8 49.Qa8+ Kh7 50.Qe4+ Kh8 51.Qa8+ Kh7
52.Qe4+ Kh8 53.Qa8+ Kh7 54.Qe4+  1/2-1/2

[Event "9th BDO Premier"]
[Site "Haarlem NED"]
[Date "2013.08.17"]
[Round "1.5"]
[White "Bok,B"]
[Black "Sethuraman,S"]
[Result "1-0"]
[WhiteElo "2527"]
[BlackElo "2582"]

1.e4 c5 2.Nf3 e6 3.d4 cxd4 4.Nxd4 Nc6 5.Nc3 Qc7 6.Be2 a6 7.O-O Nf6 8.Be3 Be7
9.f4 d6 10.Qe1 O-O 11.Kh1 Na5 12.a4 Bd7 13.Rd1 Nc4 14.Bc1 Rac8 15.Qg3 Kh8
16.Bd3 Qb6 17.Nb3 e5 18.Bxc4 Rxc4 19.Qd3 Rcc8 20.Be3 Qd8 21.fxe5 Ng4 22.Bf4 Bg5
23.exd6 Bxf4 24.Rxf4 Qh4 25.Qg3 Qxg3 26.hxg3 Ne3 27.Rd3 Nc4 28.Nd5 Nxb2 29.Rd4 Rxc2
30.Nb6 Be6 31.Na5 Rc1+ 32.Kh2 g5 33.Rf3 g4 34.Rf6 Kg7 35.Rf4 Rc5 36.Nxb7 Rc6
37.a5 Nc4 38.Nxc4  1-0

[Event "3rd Budapest Open"]
[Site "Budapest HUN"]
[Date "2013.08.18"]
[Round "2.10"]
[White "Zoldy,R"]
[Black "Ritter,G"]
[Result "1-0"]
[WhiteElo "1962"]
[BlackElo "2108"]

1.e4 c5 2.Nf3 e6 3.d4 cxd4 4.Nxd4 Nc6 5.Nc3 Qc7 6.f4 a6 7.Nxc6 Qxc6 8.Bd3 d6
9.O-O b5 10.Qe2 Qb7 11.f5 Bd7 12.a3 Bc6 13.fxe6 fxe6 14.Qh5+ g6 15.Qg4 Qd7
16.e5 O-O-O 17.Bg5 Re8 18.a4 Nh6 19.Bxh6 Bxh6 20.axb5 axb5 21.exd6 Qxd6 22.Kh1 Qd7
23.Ne4 Bg7 24.Qg3 Rd8 25.Nc5 Qd6 26.Qxd6 Rxd6 27.Be4 Bxb2 28.Ra6 Bd4 29.Nb3 Bxe4
30.Rxd6 Bb2 31.Nc5 Bd5 32.Nxe6 Bc4 33.Rb1 Ba3 34.Ra6 Kb7 35.Rxa3 Bxe6 36.Rxb5+ Kc6
37.Re5 Bf5 38.h3 h5 39.c4 Rd8 40.Ra6+ Kb7 41.Rf6 Rd7 42.Rfxf5 gxf5 43.Rxf5 Rh7
44.h4 Kc6 45.Rd5 Rh6 46.Kh2 Rh7 47.Kh3 Rh8 48.g4 hxg4+ 49.Kxg4 Re8 50.Kf5 Rf8+
51.Kg5 Rg8+ 52.Kf4 Rf8+ 53.Rf5 Rd8 54.h5 Rd4+ 55.Kg5 Rxc4 56.h6 Rc1 57.h7 Rh1
58.Kg6 Kd7 59.Rh5  1-0

[Event "21st Troya Open 2013"]
[Site "Canakkale TUR"]
[Date "2013.08.18"]
[Round "3.1"]
[White "Quparadze,G"]
[Black "Gucin,Z"]
[Result "1-0"]
[WhiteElo "2500"]
[BlackElo "2119"]

1.e4 c5 2.Nf3 e6 3.d4 cxd4 4.Nxd4 Nc6 5.Nc3 Qc7 6.Be2 a6 7.O-O Nf6 8.Be3 Be7
9.f4 d6 10.a4 O-O 11.Kh1 Rb8 12.Bf3 Na5 13.Qe1 Nc4 14.Bc1 e5 15.Nde2 Qc5
16.b3 Na5 17.b4 Qxb4 18.Ba3 Qc4 19.fxe5 Ng4 20.Nd5 Nc6 21.exd6 Bd8 22.d7 Bxd7
23.Bxf8 Kxf8 24.Bxg4 Bxg4 25.Nef4 Kg8 26.Ne3  1-0

[Event "22nd ZMDI Open 2013"]
[Site "Dresden GER"]
[Date "2013.08.18"]
[Round "9.41"]
[White "Humburg,Philipp"]
[Black "Hecht,C"]
[Result "1-0"]
[WhiteElo "2054"]
[BlackElo "2087"]

1.e4 c5 2.Nf3 e6 3.d4 cxd4 4.Nxd4 Nc6 5.Nc3 Qc7 6.Be3 a6 7.Be2 Nf6 8.f4 d6
9.O-O Be7 10.Kh1 O-O 11.Qe1 Nxd4 12.Bxd4 b5 13.a3 Bb7 14.Qg3 Rad8 15.Bd3 Rd7
16.Rae1 Re8 17.e5 dxe5 18.Bxe5 Qd8 19.Ne4 Nh5 20.Qh3 g6 21.b4 Qc8 22.Ng5 Bd8
23.Ne4 Bxe4 24.Rxe4 f5 25.Re2 Bf6 26.Qf3 Bxe5 27.Rxe5 Rd4 28.Qe3 Qd7 29.Rc5 Rd8
30.Qe5 Qd6 31.g3 Rd5 32.Qxd6 R8xd6 33.Rxd5 Rxd5 34.a4 Nf6 35.axb5 axb5 36.Re1 Ne4
37.Bxe4 fxe4 38.Rxe4 Rd1+ 39.Kg2 Rd2+ 40.Kf3 Rxc2 41.Re5 Rxh2 42.Rxb5 Rb2
43.Rb7 h5 44.b5 Rb3+ 45.Kg2 e5 46.fxe5 Re3 47.b6 Rxe5 48.Rc7  1-0

[Event "22nd Feffernitz Open 2013"]
[Site "Feffernitz GER"]
[Date "2013.08.18"]
[Round "1.10"]
[White "Gebhardt,Christian"]
[Black "Kosmac,B"]
[Result "0-1"]
[WhiteElo "1798"]
[BlackElo "2209"]

1.e4 c5 2.Nc3 e6 3.Nge2 Nc6 4.d4 cxd4 5.Nxd4 Qc7 6.Be3 a6 7.Be2 Nf6 8.O-O Bb4
9.f3 O-O 10.g4 h6 11.Qd2 d5 12.Nxc6 bxc6 13.e5 Qxe5 14.Bd4 Qg5 15.Be3 Qh4
16.Bf2 Qh3 17.Qf4 Bxc3 18.bxc3 e5 19.Qa4 Bd7 20.Bg3 e4 21.fxe4 Nxe4  0-1

[Event "22nd Feffernitz Open 2013"]
[Site "Feffernitz GER"]
[Date "2013.08.18"]
[Round "1.13"]
[White "Becker,Mat2"]
[Black "Dolinar,Jan"]
[Result "1/2-1/2"]
[WhiteElo "2152"]
[BlackElo "1787"]

1.e4 c5 2.Nf3 e6 3.d4 cxd4 4.Nxd4 Nc6 5.Nc3 Qc7 6.g3 a6 7.Bg2 Nf6 8.O-O Be7
9.Re1 O-O 10.Nxc6 dxc6 11.e5 Rd8 12.Qf3 Nd5 13.a3 b5 14.Nxd5 cxd5 15.c3 a5
16.Be3 Rb8 17.Bd4 b4 18.axb4 axb4 19.Ra7 Rb7 20.Rea1 Bc5 21.Rxb7 Bxb7 22.Qe3 Bxd4
23.Qxd4 bxc3 24.bxc3 Rc8 25.Ra7 Rb8 26.Qb4 h6 27.h4 Qc8 28.Qe7 Qc6 29.Qb4 Qc8
30.c4 Ba6 31.Qe7 Rb7 32.Rxb7 Qxb7 33.Qd8+ Kh7 34.cxd5 exd5 35.Qxd5 Qc7 36.Be4+ g6
37.h5 Bc4 38.hxg6+ fxg6 39.Qd4 Be6 40.Kg2 Kg7 41.Bf3 g5 42.Qe4 Bd7 43.Qb7 Qxb7
44.Bxb7 g4 45.Kf1 Kg6 46.Be4+ Bf5 47.Bd5 Bc8  1/2-1/2

[Event "TCh-ESP CECLUB Div1Gp2 2013"]
[Site "Linares ESP"]
[Date "2013.08.19"]
[Round "1.1"]
[White "Barbero Senidic,A"]
[Black "Vazquez Igarza,R"]
[Result "0-1"]
[WhiteElo "2363"]
[BlackElo "2580"]

1.e4 c5 2.Nf3 Nc6 3.d4 cxd4 4.Nxd4 e6 5.Nc3 a6 6.Nxc6 bxc6 7.Bd3 d5 8.O-O Nf6
9.Re1 Bb7 10.Bf4 Be7 11.Qf3 O-O 12.Qh3 g6 13.Rad1 Re8 14.e5 Nd7 15.Na4 Nb6
16.Nxb6 Qxb6 17.b3 a5 18.Qg4 Ba6 19.Bxa6 Rxa6 20.a4 Qb4 21.Qg3 c5 22.Qd3 Raa8
23.Bd2 Qb6 24.Re3 Qa6 25.Qxa6 Rxa6 26.Kf1 Bg5 27.Rc3 Bxd2 28.Rxd2 Rc8 29.Rd4 Kg7
30.Rf4 Rb6 31.Ke2 Rc7 32.Kd2 h6 33.h4 h5 34.g3 Rb8 35.Rcf3 Kf8 36.Kd3 Ke8
37.Kd2 Rd8 38.Kc1 Kf8 39.c4 f5 40.Rc3 Ke7 41.cxd5 exd5 42.Rd4 Ke6 43.f4 Rb8
44.Rdd3 Rb4 45.Kc2 Rc6 46.Rd1 d4 47.Rcd3 Kd5 48.R1d2 Ke6 49.Rd1 Rc7 50.R1d2 Rd7
51.Rf3 c4 52.bxc4 Rxc4+ 53.Kb3 Rdc7 54.Rfd3 Rb4+ 55.Ka2 Rxa4+ 56.Ra3 Rxa3+
57.Kxa3 Kd5 58.Ka4 Ra7 59.Kb5 a4 60.Kb6 Rd7 61.Kb5 a3 62.Kb4 Ra7 63.Ra2 d3
64.Kc3 Ke4 65.e6 Ke3 66.Ra1 d2  0-1

[Event "3rd Isthmia Open"]
[Site "Vrachati GRE"]
[Date "2013.08.19"]
[Round "3.13"]
[White "Tsekmes,Dimitrios"]
[Black "Kourkoulos Arditis,Stamatis"]
[Result "1/2-1/2"]
[WhiteElo "1825"]
[BlackElo "2203"]

1.e4 c5 2.Nf3 e6 3.d4 cxd4 4.Nxd4 Nc6 5.Nc3 Qc7 6.Nxc6 bxc6 7.Bd3 d5 8.O-O Nf6
9.Qe2 Be7 10.b3 O-O 11.Bb2 a5 12.Rae1 Re8 13.exd5 exd5 14.Nb5 cxb5 15.Bxf6 gxf6
16.Qh5 f5 17.Re3 Qb6 18.Rfe1 Qf6 19.Bxb5 f4 20.Re5 Bb7 21.Qg4+ Kf8 22.Qd7 Ba6
23.Bxa6 Rxa6 24.Rxe7 Rxe7 25.Qd8+ Kg7 26.Qxe7 Qg6 27.Qe5+ Rf6 28.Qxd5 f3
29.g3 Qg4 30.Qd3 Qh3 31.Qf1 Qf5 32.Rc1 Rh6 33.h4 Qg4 34.Kh2 f5 35.c4 Rxh4+
36.gxh4  1/2-1/2

[Event "21st Troya Open 2013"]
[Site "Canakkale TUR"]
[Date "2013.08.20"]
[Round "5.7"]
[White "Quparadze,G"]
[Black "Kemaloglu,K"]
[Result "1-0"]
[WhiteElo "2500"]
[BlackElo "2029"]

1.e4 c5 2.Nf3 e6 3.d4 cxd4 4.Nxd4 Nc6 5.Nc3 Qc7 6.Be2 a6 7.O-O Nf6 8.Be3 Bb4
9.Na4 O-O 10.c4 Nxe4 11.Rc1 Be7 12.c5 d5 13.cxd6 Bxd6 14.Nxc6 bxc6 15.Bf3 f5
16.Bxe4 fxe4 17.h3 Bh2+ 18.Kh1 Bf4 19.Qd4 e5 20.Qxe4 Rf6 21.Bxf4 Rxf4 22.Qe3 Be6
23.Nc3 Raf8 24.b3 h6 25.Kg1 R4f5 26.Rc2 Qe7 27.Ne4 Bd5 28.Ng3 Rf4 29.Re1 Re8
30.Rce2 Qg5 31.Qc3 Rf5 32.Ne4 Qg6 33.Qg3 Qxg3 34.Nxg3 Rg5 35.Kh2 Re6 36.h4 Rg4
37.Kh3 Rf4 38.h5 g5 39.Kh2 g4 40.Kg1 e4 41.Rc2 a5 42.Re3 Re8 43.Rc5 Ra8 44.Ne2 Rf6
45.Nc3 Rf5 46.Nxd5 Rxd5 47.Rxc6 Rxh5 48.Rxe4 Rd8 49.Rxg4+ Kh8 50.g3 Rd7 51.Kg2 Kh7
52.Rh4 Rxh4 53.gxh4 Rd4 54.Rc4  1-0

[Event "6th Jessie Gilbert Open 2013"]
[Site "Coulsdon ENG"]
[Date "2013.08.20"]
[Round "4"]
[White "Feygin,M"]
[Black "Lalic,B"]
[Result "1/2-1/2"]
[WhiteElo "2533"]
[BlackElo "2484"]

1.e4 c5 2.Nf3 e6 3.d4 cxd4 4.Nxd4 Nc6 5.Nc3 Qc7 6.Be3 Nf6 7.f4 Bb4 8.Nb5 Qa5
9.Bd2 a6 10.e5 axb5 11.exf6 Bxc3 12.Bxc3 b4 13.fxg7 Rg8 14.Bd2 Qd5 15.Be3 Rxa2
16.Rxa2 Qxa2 17.b3 Qb2 18.Be2 Qxg7 19.Bf3 Qc3+ 20.Kf2 d5 21.Re1 d4 22.Bc1 Bd7
23.Qd3 Qxd3 24.cxd3 f5 25.Bb2 Kf7 26.Ra1 Rc8 27.Ke2 e5 28.fxe5  1/2-1/2

[Event "88th ch-FRA 2013"]
[Site "Nancy FRA"]
[Date "2013.08.20"]
[Round "9.2"]
[White "Hamdouchi,H"]
[Black "Sokolov,And1"]
[Result "0-1"]
[WhiteElo "2613"]
[BlackElo "2558"]

1.e4 c5 2.Nf3 e6 3.d4 cxd4 4.Nxd4 Nc6 5.Nc3 Qc7 6.Be3 Nf6 7.Ndb5 Qb8 8.f4 d6
9.Be2 Be7 10.g4 a6 11.Nd4 e5 12.Nb3 d5 13.exd5 exf4 14.dxc6 fxe3 15.Qd4 bxc6
16.O-O-O O-O 17.Qxe3 Re8 18.Qd4 a5 19.Bf3 Bb7 20.Qc4 a4 21.Nxa4 Nd5 22.Bxd5 cxd5
23.Qb5 Qf4+ 24.Kb1 Qxa4  0-1

[Event "TCh-POR Div1 Final 2013"]
[Site "Matosinhos POR"]
[Date "2013.08.21"]
[Round "5.2"]
[White "Kolosowski,M"]
[Black "Sousa,N"]
[Result "1-0"]
[WhiteElo "2425"]
[BlackElo "1960"]

1.e4 c5 2.Nc3 e6 3.Nge2 Nc6 4.d4 cxd4 5.Nxd4 a6 6.Be2 d6 7.O-O Be7 8.Be3 Nf6
9.f4 O-O 10.Qe1 Qc7 11.Kh1 Rb8 12.Qg3 d5 13.exd5 Nxd5 14.Nxc6 bxc6 15.Bd4 f6
16.Bc4 Bd6 17.Ne2 c5 18.Bc3 Kh8 19.Rad1 Nxc3 20.Qxc3 Rd8 21.Rd3 e5 22.f5 e4
23.Rh3 Bxf5 24.Rxf5 Bf4 25.Bd5 Bg5 26.Bxe4 Rd1+ 27.Ng1 h6 28.Rxg5 fxg5 29.Rxh6+ Kg8
30.Bh7+ Kf8 31.Qf3+ Qf7 32.Qxd1 gxh6 33.Qd6+ Kg7 34.Qxb8 Kxh7 35.a4 h5 36.Qe5 Qg7
37.Qxg7+ Kxg7 38.c3 Kf6 39.b4 cxb4 40.cxb4 Ke6 41.Nh3 Kd5 42.Nxg5 Kc4 43.b5 axb5
44.axb5 Kxb5 45.h4  1-0

[Event "74th ch-ARM 1st League"]
[Site "Yerevan ARM"]
[Date "2013.08.21"]
[Round "1.7"]
[White "Harutjunyan,G"]
[Black "Petrosyan,M"]
[Result "0-1"]
[WhiteElo "2458"]
[BlackElo "2312"]

1.e4 c5 2.Nf3 e6 3.d4 cxd4 4.Nxd4 Nc6 5.Nc3 Qc7 6.Be3 Nf6 7.f4 Bb4 8.Nb5 Qa5
9.e5 Nd5 10.Bd2 Nxc3 11.bxc3 Bc5 12.Qg4 O-O 13.Bd3 a6 14.Nd4 Nxd4 15.cxd4 Bb4
16.Qe2 f5 17.Rg1 b5 18.g4 Bb7 19.gxf5 exf5 20.Rb1 Bc3 21.Rb3 Bxd2+ 22.Qxd2 Qxa2
23.Qb4 Rac8 24.Qa3 Qxa3 25.Rxa3 d6 26.c3 dxe5 27.fxe5 f4 28.Kd2 f3 29.Rf1 Rf4
30.Ke3 g5 31.Rf2 Kg7 32.Rb2 Rcf8 33.Rf2 h5 34.c4 bxc4 35.Bxc4 Re4+ 36.Kd3 Rff4
37.Bxa6 Rxd4+ 38.Kc3 Bd5 39.Ra5 g4 40.Bd3 Be6 41.Ra6 Kf7 42.Bb5 Rd5 43.Ra7+ Kg8
44.Rb2 Rxe5 45.Bd3 Bf7 46.Rb8+ Kg7 47.Rb1 h4 48.Kd2 g3 49.hxg3 hxg3 50.Rh1 g2
51.Rg1 Rg4  0-1

[Event "33rd Bratto Open"]
[Site "Bratto ITA"]
[Date "2013.08.22"]
[Round "6.5"]
[White "Rambaldi,Francesco"]
[Black "Ducarmon,Q"]
[Result "1/2-1/2"]
[WhiteElo "2355"]
[BlackElo "2438"]

1.e4 c5 2.Nf3 e6 3.d4 cxd4 4.Nxd4 Nc6 5.Nc3 Qc7 6.Be2 a6 7.O-O Bc5 8.Be3 Nce7
9.Qd2 Nf6 10.Nb3 Bxe3 11.Qxe3 d6 12.Rad1 O-O 13.Qd2 Ne8 14.f4 b5 15.a3 Rb8
16.Kh1 Rb6 17.Bf3 Bb7 18.a4 Ba8 19.a5 Rb8 20.Na2 Nc6 21.Rf2 b4 22.c3 Nxa5
23.Nxa5 Qxa5 24.Nxb4 Qb6 25.Qd4  1/2-1/2